| Tag |
First Indicator |
Second Indicator |
Subfields |
| LEADER |
00000cam a2200000 4500 |
| 001 |
in00000307669 |
| 005 |
20151010093459.0 |
| 008 |
750812s1924 nyu 00010 eng d |
| 010 |
|
|
|a 24030783
|
| 035 |
|
|
|a (OCoLC)01540673
|
| 035 |
|
|
|9 ABG8135AM
|
| 040 |
|
|
|c JPL
|d TXA
|d UtOrBLW
|
| 049 |
|
|
|a TXAM
|c [1411242]
|
| 050 |
|
0 |
|a D639.S7
|b R75
|
| 100 |
1 |
|
|a Russell, C. E.
|q (Charles Edmund),
|d 1878-
|
| 245 |
1 |
0 |
|a Adventures of the D.C.I. :
|b Department of criminal investigation /
|c by Major C. E. Russell.
|
| 264 |
|
1 |
|a Garden City, N.Y. :
|b Doubleday, Page,
|c 1924.
|
| 300 |
|
|
|a 280 pages ;
|c 22 cm.
|
| 336 |
|
|
|a text
|b txt
|2 rdacontent
|
| 337 |
|
|
|a unmediated
|b n
|2 rdamedia
|
| 338 |
|
|
|a volume
|b nc
|2 rdacarrier
|
| 610 |
1 |
0 |
|a United States.
|b Army.
|b American Expeditionary Forces.
|b Provost Marshal General's Department.
|b Department of Criminal Investigation.
|
| 740 |
0 |
|
|a Department of criminal investigation, Adventures of the.
|
| 999 |
|
|
|a MARS
|
| 999 |
f |
f |
|s 84e11250-a46f-34af-815b-052c9f02666b
|i e5f369a8-5c25-3aa4-868b-b60d55bbe0cd
|t 0
|
| 952 |
f |
f |
|p ric
|a Texas A&M University
|b Rellis Campus
|c Joint Library Facility
|d Remote Storage
|t 0
|e D639.S7 R75
|h Library of Congress classification
|i unmediated -- volume
|m A14801886155
|
| 998 |
f |
f |
|a D639.S7 R75
|t 0
|l Remote Storage
|